[Event "Amantea op-B 6th"]
[Site "Amantea"]
[Date "2008.09.05"]
[Round "6"]
[White "Ielapi, Vito"]
[Black "Costabile, Vincenzo"]
[Result "1-0"]
[WhiteElo "1890"]
[BlackElo "1536"]
[PlyCount "70"]
[EventDate "2008.08.31"]
[EventType "swiss"]
[EventRounds "9"]
[EventCountry "ITA"]
[SourceTitle "CBM 126 Extra"]
[Source "ChessBase"]
[SourceDate "2008.11.05"]
[SourceVersion "1"]
[SourceVersionDate "2008.11.05"]
[SourceQuality "1"]

1. d4 Nf6 2. Nf3 g6 3. e3 d6 4. Bd3 Bg7 5. 0-0 0-0 6. Nbd2 b6 7. e4 Bb7 8. Re1 Nbd7 9. Nf1 c5 10. c3 Rc8 11. Qe2 cxd4 12. cxd4 Rc7 13. e5 dxe5 14. dxe5 Nd5 15. e6 Nc5 16. exf7+ Rxf7 17. Bc4 Kh8 18. Rb1 Rf5 19. Ng3 Rf8 20. Rd1 Rd7 21. Bd2 Nc7 22. Ne5 Rd5 23. Bxd5 Qxd5 24. Nf3 N7e6 25. Bh6 Qxa2 26. Bxg7+ Kxg7 27. Ne1 a5 28. Ra1 Qb3 29. Ra3 Qb4 30. Nd3 Nxd3 31. Raxd3 Nf4 32. Qe5+ Kg8 33. Rd8 Bxg2 34. Rxf8+ Kxf8 35. Rd4 Ne2+ 1-0

[Event "Amantea op-B 6th"]
[Site "Amantea"]
[Date "2008.09.04"]
[Round "5"]
[White "Costabile, Vincenzo"]
[Black "Carrozza, Gregorio"]
[Result "1-0"]
[WhiteElo "1536"]
[BlackElo "1580"]
[PlyCount "105"]
[EventDate "2008.08.31"]
[EventType "swiss"]
[EventRounds "9"]
[EventCountry "ITA"]
[SourceTitle "CBM 126 Extra"]
[Source "ChessBase"]
[SourceDate "2008.11.05"]
[SourceVersion "1"]
[SourceVersionDate "2008.11.05"]
[SourceQuality "1"]

1. e4 e6 2. d4 d5 3. Nc3 Nf6 4. e5 Ng8 5. a3 c5 6. Nf3 Nc6 7. Be3 cxd4 8. Bxd4 Nge7 9. Bc5 Ng6 10. Bxf8 Kxf8 11. Qe2 a6 12. 0-0-0 b5 13. h4 h5 14. Qe3 Qe7 15. Bd3 Rh6 16. Ne2 Rb8 17. Rh3 Na5 18. Ng5 Qc7 19. Bxg6 Rxg6 20. Rf3 Rxg5 21. hxg5 Nc4 22. Qc3 Qxe5 23. Qxe5 Nxe5 24. Rh3 g6 25. b3 Bb7 26. f4 Nc6 27. Nd4 Nxd4 28. Rxd4 Rc8 29. Kb2 Ke7 30. a4 Kd6 31. axb5 axb5 32. Rc3 Rxc3 33. Kxc3 Kc5 34. Rd1 b4+ 35. Kd3 Ba6+ 36. Ke3 Bb7 37. g3 Kd6 38. Kd4 Ba6 39. Ra1 Be2 40. Ke3 Bb5 41. Ra7 Be8 42. Kd4 Bb5 43. Rxf7 Be2 44. Rf6 Bd1 45. Kd3 Bf3 46. Kd4 Be4 47. c3 bxc3 48. Kxc3 Ke7 49. b4 Bf5 50. Kd4 Kd7 51. Rxf5 exf5 52. Kxd5 Kc7 53. Ke6 1-0